[Event "Titled Tuesday intern op 23rd Apr Late"]
[Site "Chess.com INT"]
[Date "2024.04.23"]
[Round "4"]
[White "Lin, Bryan Enming"]
[Black "Brzezina, Piotr"]
[Result "0-1"]
[WhiteElo "2087"]
[BlackElo "2346"]
[PlyCount "128"]
[EventDate "2024.04.23"]
[EventType "swiss (blitz)"]
[EventRounds "11"]
[EventCountry "USA"]
[SourceTitle "CB18_2024"]
[SourceDate "2024.05.01"]
[SourceVersion "1"]
[SourceVersionDate "2024.05.01"]
[SourceQuality "2"]

1. e4 c5 2. Nf3 d6 3. d4 cxd4 4. Nxd4 Nf6 5. Nc3 a6 6. h4 e5 7. Nb3 Be7 8. Bg5 Be6 9. Bxf6 Bxf6 10. g3 Nd7 11. Qxd6 Be7 12. Qd2 Bb4 13. a3 Bxc3 14. Qxc3 Rc8 15. Qd2 Bxb3 16. cxb3 Nc5 17. Qe3 Qd4 18. Qxd4 exd4 19. Bc4 Nxe4 20. 0-0 0-0 21. Rad1 Rfd8 22. Rfe1 Nd6 23. Rxd4 b5 24. Bf1 Kf8 25. a4 Nf5 26. Rxd8+ Rxd8 27. axb5 axb5 28. Bxb5 Nd4 29. Be2 Re8 30. Kf1 Nxb3 31. Rd1 Rc8 32. Ba6 Rc2 33. Bd3 Rxb2 34. Bxh7 g6 35. h5 Nd2+ 36. Ke2 Ne4+ 37. Ke3 Nxf2 38. Rd7 Ng4+ 39. Kf4 Nf6 40. Rd8+ Ke7 41. hxg6 Kxd8 42. g7 Ke7 43. g8Q Nxg8 44. Bxg8 f6 45. Bh7 Rb4+ 46. Kf3 Ke6 47. Bg8+ Ke5 48. Bh7 Rb3+ 49. Kg4 Rb4+ 50. Kf3 f5 51. Bg8 Kf6 52. Ba2 Kg5 53. Bd5 Rd4 54. Be6 Rd3+ 55. Kf2 Kg4 56. Bc8 Rf3+ 57. Ke2 Rxg3 58. Be6 Rf3 59. Bf7 Rf4 60. Ke3 Ra4 61. Kf2 Ra2+ 62. Kf1 f4 63. Bd5 Kg3 64. Kg1 Ra1# 0-1

[Event "Titled Tuesday intern op 16th Apr Early"]
[Site "Chess.com INT"]
[Date "2024.04.16"]
[Round "6"]
[White "Laddha, Shubh Jayesh"]
[Black "Brzezina, Piotr"]
[Result "1/2-1/2"]
[WhiteElo "2324"]
[BlackElo "2346"]
[PlyCount "233"]
[EventDate "2024.04.16"]
[EventType "swiss (blitz)"]
[EventRounds "11"]
[EventCountry "USA"]
[SourceTitle "CB17_2024"]
[SourceDate "2024.04.24"]
[SourceVersion "1"]
[SourceVersionDate "2024.04.24"]
[SourceQuality "1"]

1. d4 Nf6 2. Nf3 e6 3. Bf4 c5 4. e3 Nc6 5. Nbd2 d5 6. c3 Bd6 7. Bg3 Qe7 8. Bd3 0-0 9. Ne5 Nd7 10. Nxd7 Qxd7 11. Bxd6 Qxd6 12. 0-0 e5 13. dxc5 Qxc5 14. e4 d4 15. Nb3 Qb6 16. cxd4 Nxd4 17. Bc4 Be6 18. Bxe6 Nxe6 19. Qd5 a5 20. Qxe5 a4 21. Nd2 Ra5 22. Qc3 Rc5 23. Qa3 Rc2 24. Nf3 Rxb2 25. Rad1 Qb4 26. Qxb4 Rxb4 27. Rb1 Rxe4 28. Rxb7 Re2 29. Ra1 Rd8 30. g3 h6 31. Ra7 Nd4 32. Kg2 Nxf3 33. Kxf3 Rdd2 34. Rf1 Rxa2 35. Rxa4 Rxf2+ 36. Rxf2 Rxa4 37. Rb2 Kh7 38. h4 Kg6 39. Rb5 f6 40. Rc5 f5 41. Rb5 Ra6 42. Rc5 Kf6 43. Rb5 g5 44. hxg5+ hxg5 45. Rc5 Ra3+ 46. Kf2 Kg6 47. Rc8 Kh5 48. Rc4 Ra2+ 49. Kg1 Ra5 50. Kg2 Re5 51. Rc2 Kg4 52. Rd2 Re4 53. Rc2 f4 54. gxf4 gxf4 55. Kf2 Ra4 56. Rb2 Ra3 57. Kg2 Rg3+ 58. Kf2 Rh3 59. Kg2 f3+ 60. Kg1 Kg3 61. Rg2+ Kf4 62. Rb2 Rh8 63. Rc2 Rg8+ 64. Kf1 Ra8 65. Kf2 Rh8 66. Rc4+ Ke5 67. Kxf3 Kd5 68. Ra4 Rc8 69. Ke3 Kd6 70. Kd4 Kd7 71. Kd5 Rc7 72. Rh4 Kc8 73. Kd6 Rd7+ 74. Kc6 Rc7+ 75. Kb6 Rb7+ 76. Ka6 Rd7 77. Rh8+ Kc7 78. Rh4 Rd6+ 79. Kb5 Rd5+ 80. Kc4 Rd7 81. Kc5 Rg7 82. Rh5 Kd7 83. Kd5 Re7 84. Rh6 Kc7 85. Ra6 Kd8 86. Ra8+ Kd7 87. Rb8 Rf7 88. Rb7+ Ke8 89. Rb6 Ke7 90. Ke5 Kf8 91. Ke6 Kg7 92. Rb3 Rf6+ 93. Ke5 Rf7 94. Rg3+ Kf8 95. Ke6 Re7+ 96. Kd6 Rf7 97. Rb3 Kg7 98. Ke6 Rf6+ 99. Ke5 Rf7 100. Rb6 Kf8 101. Ke6 Kg7 102. Ke5 Re7+ 103. Kf5 Rf7+ 104. Kg5 Ra7 105. Rb5 Kf7 106. Re5 Kg7 107. Kh5 Rf7 108. Kg4 Kf8 109. Kg5 Rg7+ 110. Kf6 Rf7+ 111. Kg6 Rg7+ 112. Kh6 Rf7 113. Rc5 Ke7 114. Kg6 Rf6+ 115. Kg7 Rd6 116. Re5+ Kd8 117. Kf7 1/2-1/2

[Event "POL-ch sf"]
[Site "Karpacz"]
[Date "2023.12.06"]
[Round "3"]
[White "Brzezina, Piotr"]
[Black "Haladaj, Adam1"]
[Result "1-0"]
[WhiteElo "2052"]
[BlackElo "1694"]
[PlyCount "89"]
[EventDate "2023.12.04"]
[EventType "swiss"]
[EventRounds "9"]
[EventCountry "POL"]
[SourceTitle "CB50_2023"]
[SourceDate "2023.12.13"]
[SourceVersion "1"]
[SourceVersionDate "2023.12.13"]
[SourceQuality "1"]

1. e4 c6 2. d4 d5 3. Nc3 dxe4 4. Nxe4 Nf6 5. Nxf6+ exf6 6. c3 Bd6 7. Bd3 0-0 8. Qc2 Re8+ 9. Ne2 h5 10. Be3 Nd7 11. 0-0-0 b5 12. d5 c5 13. Bxb5 Rb8 14. c4 a6 15. Ba4 Re5 16. Ng3 Nb6 17. Bc6 h4 18. Ne4 Bf5 19. f3 Qe7 20. Rhe1 Bxe4 21. fxe4 Rxe4 22. Bd2 f5 23. b3 Bxh2 24. d6 Bxd6 25. Bxe4 fxe4 26. Rxe4 Qf6 27. Bc3 Bf4+ 28. Kb1 Qg5 29. Rde1 Bd6 30. Re8+ Rxe8 31. Rxe8+ Bf8 32. Qd3 Qg6 33. Qxg6 fxg6 34. Re6 Nd7 35. Rxg6 Kh7 36. Rg4 Nf6 37. Rxh4+ Kg6 38. Bxf6 gxf6 39. Kc2 Bd6 40. Rh8 a5 41. Ra8 Bc7 42. Rc8 Bd6 43. Rc6 Be7 44. Rc7 Bd6 45. Ra7 1-0

[Event "Brno op 12th"]
[Site "Brno"]
[Date "2023.11.18"]
[Round "9"]
[White "Brzezina, Piotr"]
[Black "Syzdyk, Samir"]
[Result "1-0"]
[WhiteElo "2036"]
[BlackElo "1639"]
[PlyCount "64"]
[EventDate "2023.11.11"]
[EventType "swiss"]
[EventRounds "9"]
[EventCountry "CZE"]
[SourceTitle "CB47_2023"]
[SourceDate "2023.11.22"]
[SourceVersion "1"]
[SourceVersionDate "2023.11.22"]
[SourceQuality "1"]

1. e4 c5 2. Nf3 Nc6 3. d4 cxd4 4. Nxd4 Nf6 5. Nc3 e5 6. Ndb5 d6 7. Nd5 Nxd5 8. exd5 Nb8 9. a4 Be7 10. Be2 a6 11. Na3 0-0 12. 0-0 f5 13. Bd2 Nd7 14. a5 Rf6 15. Nc4 h6 16. f4 exf4 17. Bxf4 b5 18. axb6 Nxb6 19. Na5 Qc7 20. c4 Bd7 21. b4 g5 22. Be3 Rb8 23. Qb3 Kh7 24. Bd3 Rff8 25. Qc2 Qc8 26. Nc6 Bxc6 27. Bxf5+ Rxf5 28. Rxf5 Kg8 29. Rxg5+ Bxg5 30. Qg6+ Kf8 31. Rf1+ Ke7 32. Rf7+ Kd8 1-0

[Event "Brno op 12th"]
[Site "Brno"]
[Date "2023.11.15"]
[Round "6"]
[White "Brzezina, Pawel"]
[Black "Brzezina, Piotr"]
[Result "1/2-1/2"]
[WhiteElo "1769"]
[BlackElo "2036"]
[PlyCount "65"]
[EventDate "2023.11.11"]
[EventType "swiss"]
[EventRounds "9"]
[EventCountry "CZE"]
[SourceTitle "CB47_2023"]
[SourceDate "2023.11.22"]
[SourceVersion "1"]
[SourceVersionDate "2023.11.22"]
[SourceQuality "1"]

1. d4 Nf6 2. c4 e6 3. Nf3 Bb4+ 4. Bd2 Qe7 5. g3 Nc6 6. Nc3 Bxc3 7. Bxc3 Ne4 8. Qc2 Nxc3 9. Qxc3 0-0 10. Bg2 d6 11. 0-0 e5 12. e3 Bg4 13. h3 Bh5 14. b4 exd4 15. Nxd4 Nxd4 16. Qxd4 c6 17. Rab1 a6 18. g4 Bg6 19. Rbd1 Rfd8 20. Qf4 Qe5 21. Rd4 Qxf4 22. exf4 f6 23. Rfd1 Bf7 24. Bf1 a5 25. bxa5 d5 26. cxd5 Rxd5 27. a6 bxa6 28. Bc4 Rxd4 29. Rxd4 Bxc4 30. Rxc4 Rc8 31. Ra4 Ra8 32. Rc4 Rc8 33. Ra4 1/2-1/2

[Event "EU-ch U12 31st"]
[Site "Mamaia"]
[Date "2023.09.13"]
[Round "8"]
[White "Brzezina, Piotr"]
[Black "Gabadadze, Gabriel"]
[Result "1/2-1/2"]
[WhiteElo "2115"]
[BlackElo "1732"]
[PlyCount "82"]
[EventDate "2023.09.05"]
[EventType "swiss"]
[EventRounds "9"]
[EventCountry "ROU"]
[SourceTitle "EXT 2024"]
[Source "ChessBase"]
[SourceDate "2023.10.10"]
[SourceVersion "1"]
[SourceVersionDate "2023.10.10"]
[SourceQuality "1"]

1. d4 Nf6 2. c4 e6 3. Nf3 b6 4. a3 Ba6 5. Qc2 d5 6. cxd5 exd5 7. g3 Be7 8. Bg2 0-0 9. 0-0 Re8 10. Nc3 Nbd7 11. Nh4 c5 12. Nf5 cxd4 13. Nxd4 Bc5 14. Rd1 Rc8 15. Bg5 h6 16. Bxf6 Nxf6 17. e3 Bb7 18. Nb3 Bf8 19. Qe2 Re5 20. Nc1 g5 21. Nd3 Re8 22. Nb4 Rc5 23. Qd2 Bg7 24. Rac1 Rxc3 25. bxc3 Ne4 26. Qe1 Qa8 27. f3 Nd6 28. Nc2 Nc4 29. Rb1 Qc8 30. Bf1 g4 31. Bxc4 dxc4 32. Nd4 Bxd4 33. Rxd4 Bxf3 34. Qd2 Qf5 35. Rf1 h5 36. e4 Rxe4 37. Rxe4 Qxe4 38. Re1 Qf5 39. Qd4 Bc6 40. Rf1 Bf3 41. Re1 Bc6 1/2-1/2

[Event "EU-ch U12 31st"]
[Site "Mamaia"]
[Date "2023.09.11"]
[Round "6"]
[White "Brzezina, Piotr"]
[Black "Shilon Rahav, Eliran"]
[Result "1-0"]
[WhiteElo "2115"]
[BlackElo "1854"]
[PlyCount "117"]
[EventDate "2023.09.05"]
[EventType "swiss"]
[EventRounds "9"]
[EventCountry "ROU"]
[SourceTitle "EXT 2024"]
[Source "ChessBase"]
[SourceDate "2023.10.10"]
[SourceVersion "1"]
[SourceVersionDate "2023.10.10"]
[SourceQuality "1"]

1. d4 d5 2. c4 e6 3. Nc3 c6 4. e4 dxe4 5. Nxe4 c5 6. Nxc5 Nc6 7. Nb3 a5 8. a4 Bb4+ 9. Bd2 Nxd4 10. Bxb4 Nxb3 11. Qxb3 Qb6 12. Bd3 axb4 13. Nf3 Nf6 14. 0-0 Nd7 15. Qc2 h6 16. b3 0-0 17. Rad1 Nc5 18. Ne5 Qc7 19. Rfe1 b6 20. Be4 Nxe4 21. Qxe4 Bb7 22. Qe3 Rad8 23. Nd3 Qd6 24. f3 e5 25. Qxe5 Qg6 26. Qg3 Qf5 27. Qf4 Qh5 28. Qe3 Rfe8 29. Qf2 Rxe1+ 30. Qxe1 Qg5 31. Kh1 Kh7 32. Nxb4 Rxd1 33. Qxd1 g6 34. Nd5 h5 35. Nxb6 h4 36. h3 Qg3 37. Nd5 Bc8 38. Nf6+ Kg7 39. Qa1 Kf8 40. Ne4 Qf4 41. Qh8+ Ke7 42. Qxc8 Qc1+ 43. Kh2 Qf4+ 44. Kg1 Qe3+ 45. Kf1 Qd3+ 46. Ke1 Qe3+ 47. Kd1 Qxb3+ 48. Ke2 Qb2+ 49. Nd2 Qe5+ 50. Kd3 Qd6+ 51. Kc2 Qa3 52. Qb7+ Kf8 53. Qb8+ Ke7 54. Qb3 Qc5 55. Ne4 Qg1 56. Qb4+ Ke8 57. Nf6+ Kd8 58. Qd6+ Kc8 59. Qc6+ 1-0

[Event "POL-ch Rapid U18"]
[Site "Bydgoszcz"]
[Date "2023.08.30"]
[Round "8"]
[White "Brzezina, Piotr"]
[Black "Kisiel, Wiktor"]
[Result "1-0"]
[WhiteElo "1708"]
[BlackElo "1404"]
[PlyCount "87"]
[EventDate "2023.08.28"]
[EventType "swiss"]
[EventRounds "11"]
[EventCountry "POL"]
[SourceTitle "EXT 2024"]
[Source "ChessBase"]
[SourceDate "2023.10.10"]
[SourceVersion "1"]
[SourceVersionDate "2023.10.10"]
[SourceQuality "1"]

1. d4 e6 2. c4 b6 3. Nc3 Bb7 4. Nf3 Nf6 5. Bf4 Bb4 6. Qc2 0-0 7. e3 d5 8. a3 Bxc3+ 9. bxc3 c5 10. cxd5 exd5 11. Bd3 Nc6 12. 0-0 Re8 13. Bg5 h6 14. Bh4 c4 15. Be2 Qe7 16. Nd2 Qe6 17. Bf3 Ne4 18. Bxe4 dxe4 19. Rae1 Ne7 20. Bxe7 Rxe7 21. f4 f5 22. a4 Bd5 23. Kh1 h5 24. Rb1 Rb8 25. Rb4 a6 26. Rfb1 Reb7 27. Qd1 g6 28. Qe2 b5 29. Qd1 Qc6 30. h3 Kg7 31. axb5 axb5 32. Ra1 Kf7 33. Ra5 Rb6 34. Qa1 Ra8 35. Rxa8 Qxa8 36. Qxa8 Bxa8 37. Nxc4 Rb8 38. Rxb5 Rxb5 39. Nd6+ Ke6 40. Nxb5 Bc6 41. c4 Bxb5 42. cxb5 Kd6 43. Kh2 Kc7 44. d5 1-0

[Event "Prague Summer op-A 10th"]
[Site "Prague"]
[Date "2023.08.09"]
[Round "7"]
[White "Beeck, Mats"]
[Black "Brzezina, Piotr"]
[Result "1-0"]
[WhiteElo "2180"]
[BlackElo "2038"]
[PlyCount "93"]
[EventDate "2023.08.04"]
[EventType "swiss"]
[EventRounds "9"]
[EventCountry "CZE"]
[SourceTitle "CBM 215 Extra"]
[Source "ChessBase"]
[SourceDate "2023.09.30"]
[SourceVersion "1"]
[SourceVersionDate "2023.09.30"]
[SourceQuality "1"]

1. c4 e5 2. g3 Nf6 3. Bg2 d5 4. cxd5 Nxd5 5. Nf3 Nc6 6. 0-0 Nb6 7. b3 Be7 8. Bb2 f6 9. Nc3 0-0 10. Rc1 Be6 11. Ne4 Qd7 12. d4 exd4 13. Nxd4 Nxd4 14. Bxd4 Rfd8 15. Nc5 Bxc5 16. Bxc5 c6 17. Qc2 Qd2 18. e4 Qxc2 19. Rxc2 Rd3 20. Be3 Rad8 21. Bf3 Nc8 22. Be2 R3d7 23. g4 a6 24. f3 h6 25. Kf2 Kf8 26. h4 g5 27. Rh1 Kg7 28. hxg5 hxg5 29. e5 fxe5 30. Bxg5 Re8 31. Rd2 Rxd2 32. Bxd2 Bd5 33. Bc3 Nd6 34. Rh5 Kf6 35. Rh6+ Ke7 36. Bxe5 Nf7 37. Rh5 Kd7 38. Bg3 Rf8 39. Bd3 Ke8 40. Bf5 b5 41. Ke3 a5 42. Be4 Bxe4 43. Kxe4 Rg8 44. Bf4 Ke7 45. a4 Rh8 46. Rxh8 Nxh8 47. Bc7 1-0

[Event "Prague Summer op-A 10th"]
[Site "Prague"]
[Date "2023.08.05"]
[Round "2"]
[White "Brzezina, Piotr"]
[Black "Shehzad, Shazil Khan"]
[Result "0-1"]
[WhiteElo "2038"]
[BlackElo "2301"]
[PlyCount "118"]
[EventDate "2023.08.04"]
[EventType "swiss"]
[EventRounds "9"]
[EventCountry "CZE"]
[SourceTitle "CBM 215 Extra"]
[Source "ChessBase"]
[SourceDate "2023.09.30"]
[SourceVersion "1"]
[SourceVersionDate "2023.09.30"]
[SourceQuality "1"]

1. d4 Nf6 2. c4 e6 3. Nf3 Bb4+ 4. Bd2 Qe7 5. e3 0-0 6. Be2 Bxd2+ 7. Qxd2 d6 8. Nc3 b6 9. 0-0 Bb7 10. Qc2 Nbd7 11. e4 c5 12. d5 Ne5 13. Nxe5 dxe5 14. Rad1 exd5 15. exd5 Ne8 16. Bd3 g6 17. Rde1 Qg5 18. Qe2 f6 19. f4 exf4 20. Qf3 Nd6 21. Re6 Rad8 22. Rxd6 Rxd6 23. Ne4 Qe5 24. Nxd6 Qxd6 25. Qxf4 Qxf4 26. Rxf4 Kf7 27. Kf2 Bc8 28. Rf3 Re8 29. Re3 Rd8 30. a4 Bd7 31. b3 f5 32. h4 Kf6 33. g3 h6 34. Re1 Rh8 35. Kf3 g5 36. Rh1 Re8 37. hxg5+ Kxg5 38. Kf2 h5 39. Be2 Rh8 40. Bf3 h4 41. gxh4+ Rxh4 42. Rxh4 Kxh4 43. Be2 Be8 44. Ke3 Kg5 45. d6 Bc6 46. Bf3 f4+ 47. Kd3 Bd7 48. Ke4 Kf6 49. Kxf4 Ke6 50. Bg4+ Kxd6 51. Bxd7 Kxd7 52. Kf5 a5 53. Kf6 Kd6 54. Kf7 Ke5 55. Ke7 Kd4 56. Kd6 Kc3 57. Kc6 Kxb3 58. Kb5 Ka3 59. Kxb6 Kb4 0-1

[Event "Bohumin op-A 6th"]
[Site "Bohumin"]
[Date "2023.07.04"]
[Round "4"]
[White "Djuric, Stefan"]
[Black "Brzezina, Piotr"]
[Result "1-0"]
[WhiteElo "2261"]
[BlackElo "1915"]
[PlyCount "69"]
[EventDate "2023.07.01"]
[EventType "swiss"]
[EventRounds "9"]
[EventCountry "CZE"]
[SourceTitle "CBM 215 Extra"]
[Source "ChessBase"]
[SourceDate "2023.09.30"]
[SourceVersion "1"]
[SourceVersionDate "2023.09.30"]
[SourceQuality "1"]

1. e4 c5 2. Nf3 d6 3. c3 Nf6 4. Bb5+ Nbd7 5. Qe2 Qc7 6. 0-0 a6 7. Bxd7+ Bxd7 8. c4 g6 9. Nc3 Bg7 10. Rb1 0-0 11. d3 b5 12. Bg5 e5 13. a3 Rfb8 14. h3 Be6 15. Nh2 b4 16. axb4 cxb4 17. Bxf6 Bxf6 18. Na4 Bd7 19. Ra1 b3 20. Ng4 Bg5 21. Nc3 Be6 22. Ne3 Bxe3 23. Qxe3 Rf8 24. Ra3 Qb7 25. Rfa1 f5 26. exf5 Bxf5 27. Ra5 Bd7 28. Ne4 Qc6 29. Rd5 Bf5 30. Rxd6 Qb7 31. Nf6+ Kf7 32. Nxh7 Rh8 33. Ng5+ Kg8 34. Qxe5 Rh5 35. f4 1-0

[Event "Bohumin op-A 6th"]
[Site "Bohumin"]
[Date "2023.07.03"]
[Round "3"]
[White "Mroziak, Maciej"]
[Black "Brzezina, Piotr"]
[Result "1/2-1/2"]
[WhiteElo "2338"]
[BlackElo "1915"]
[PlyCount "43"]
[EventDate "2023.07.01"]
[EventType "swiss"]
[EventRounds "9"]
[EventCountry "CZE"]
[SourceTitle "CBM 215 Extra"]
[Source "ChessBase"]
[SourceDate "2023.09.30"]
[SourceVersion "1"]
[SourceVersionDate "2023.09.30"]
[SourceQuality "1"]

1. d4 Nf6 2. Nc3 d5 3. Bg5 h6 4. Bh4 e6 5. Bxf6 Qxf6 6. e4 Bb4 7. Qd3 c5 8. e5 Qd8 9. dxc5 Qa5 10. Nf3 Nd7 11. 0-0-0 Bxc3 12. Qxc3 Qxc3 13. bxc3 Nxc5 14. Bd3 Bd7 15. Kd2 b5 16. Rb1 a6 17. Nd4 Rc8 18. Rhe1 Na4 19. Rb3 Ke7 20. Re3 h5 21. f4 g6 22. h4 1/2-1/2

[Event "Bohumin op-A 6th"]
[Site "Bohumin"]
[Date "2023.07.02"]
[Round "2"]
[White "Brzezina, Piotr"]
[Black "Chylewski, Patryk"]
[Result "1-0"]
[WhiteElo "1915"]
[BlackElo "2290"]
[PlyCount "99"]
[EventDate "2023.07.01"]
[EventType "swiss"]
[EventRounds "9"]
[EventCountry "CZE"]
[SourceTitle "CBM 215 Extra"]
[Source "ChessBase"]
[SourceDate "2023.09.30"]
[SourceVersion "1"]
[SourceVersionDate "2023.09.30"]
[SourceQuality "1"]

1. d4 Nf6 2. c4 c5 3. d5 e5 4. Nc3 d6 5. e4 g6 6. f3 Bg7 7. Bg5 h6 8. Be3 Nh5 9. Qd2 Na6 10. Nge2 f5 11. exf5 gxf5 12. Nb5 Nf6 13. Nec3 Qe7 14. 0-0-0 Nb4 15. a3 Na6 16. Bd3 b6 17. Qc2 f4 18. Bxf4 0-0 19. Be3 Nb8 20. Ne4 Nxe4 21. fxe4 a6 22. Nc3 Nd7 23. Qd2 Kh7 24. g4 Nf6 25. h3 Bd7 26. Rdg1 b5 27. g5 hxg5 28. Bxg5 Qe8 29. Qe1 Kh8 30. Qh4+ Nh7 31. Bh6 Bf6 32. Qg3 Rf7 33. Be2 b4 34. axb4 cxb4 35. Na2 b3 36. Nc3 Qe7 37. Bh5 Rg7 38. Bxg7+ Bxg7 39. Bg6 Bh6+ 40. Kd1 Rg8 41. Qf3 Nf6 42. Bf5 Be8 43. Rxg8+ Kxg8 44. Rg1+ Kh8 45. Bg6 Bxg6 46. Rxg6 Bg7 47. Qf5 Nh7 48. Re6 Qd8 49. Qf7 Nf6 50. Re7 1-0

[Event "Wch U12 blitz"]
[Site "Batumi"]
[Date "2023.06.10"]
[Round "5"]
[White "Brzezina, Piotr"]
[Black "Meirkhanuly, Akylzhan"]
[Result "0-1"]
[WhiteElo "1819"]
[BlackElo "1575"]
[PlyCount "72"]
[EventDate "2023.06.10"]
[EventType "swiss (blitz)"]
[EventRounds "11"]
[EventCountry "GEO"]
[SourceTitle "EXT 2024"]
[Source "ChessBase"]
[SourceDate "2023.10.10"]
[SourceVersion "1"]
[SourceVersionDate "2023.10.10"]
[SourceQuality "1"]
[WhiteTeam "Poland"]
[BlackTeam "Kazakhstan"]
[WhiteTeamCountry "POL"]
[BlackTeamCountry "KAZ"]

1. d4 Nf6 2. c4 e6 3. Nc3 d5 4. Bg5 Be7 5. e3 0-0 6. Nf3 Nbd7 7. Qc2 h6 8. Bh4 c6 9. Bd3 Re8 10. 0-0 a6 11. a4 a5 12. Bxf6 Nxf6 13. e4 dxe4 14. Nxe4 Qc7 15. Rad1 b6 16. Nxf6+ Bxf6 17. Be4 Bb7 18. c5 b5 19. axb5 cxb5 20. Bxb7 Qxb7 21. c6 Qb6 22. d5 exd5 23. Rxd5 Rac8 24. Rc1 b4 25. h3 b3 26. Qd2 Rxc6 27. Rxc6 Qxc6 28. Rxa5 Rd8 29. Qe2 Qc2 30. Qb5 Qxb2 31. Ra4 Qc1+ 32. Kh2 Qc7+ 33. g3 Rb8 34. Qd3 b2 35. Nd2 Rd8 36. Rc4 Rxd3 0-1

[Event "Wch U12 blitz"]
[Site "Batumi"]
[Date "2023.06.10"]
[Round "4"]
[White "Okhitin, Lev"]
[Black "Brzezina, Piotr"]
[Result "0-1"]
[WhiteElo "1349"]
[BlackElo "1819"]
[PlyCount "120"]
[EventDate "2023.06.10"]
[EventType "swiss (blitz)"]
[EventRounds "11"]
[EventCountry "GEO"]
[SourceTitle "EXT 2024"]
[Source "ChessBase"]
[SourceDate "2023.10.10"]
[SourceVersion "1"]
[SourceVersionDate "2023.10.10"]
[SourceQuality "1"]
[WhiteTeam "Russia"]
[BlackTeam "Poland"]
[WhiteTeamCountry "RUS"]
[BlackTeamCountry "POL"]

1. d4 Nf6 2. Nf3 e6 3. g3 d5 4. Bg2 b5 5. 0-0 Bb7 6. Qd3 a6 7. b3 Nbd7 8. Nbd2 c5 9. e3 c4 10. bxc4 bxc4 11. Qe2 Bd6 12. e4 c3 13. e5 cxd2 14. Bxd2 Be7 15. exf6 Nxf6 16. Ne5 0-0 17. c4 a5 18. c5 Ba6 19. Nd3 Ne4 20. Rfb1 Bf6 21. Be3 e5 22. Qc2 exd4 23. Bf4 Rc8 24. Rc1 Bxd3 25. Qxd3 Nxc5 26. Qf5 d3 27. Rab1 g6 28. Qxd5 Qxd5 29. Bxd5 Rfd8 30. Bf3 Ne6 31. Rxc8 Rxc8 32. Rd1 Nxf4 33. gxf4 Rd8 34. Be4 d2 35. Kf1 Bc3 36. Ke2 Bb4 37. Bd3 Re8+ 38. Kf3 Re1 39. Bc2 f5 40. a3 Bc3 41. Bb3+ Kg7 42. Ba4 Kf6 43. Bc2 Ke7 44. Bb3 Kd6 45. Bc2 Kd5 46. Ba4 Kc4 47. Bc2 Kd4 48. h3 h6 49. h4 h5 50. Ba4 Kd3 51. Bb3 Bb2 52. Ba4 Bxa3 53. Bb3 Bb4 54. Ba4 Kc3 55. Kg3 Kb2 56. Kf3 Rxd1 57. Bxd1 Kc1 58. Ke2 Bd6 59. Ba4 Bxf4 60. Be8 d1Q# 0-1

[Event "Wch U12 rapid"]
[Site "Batumi"]
[Date "2023.06.08"]
[Round "8"]
[White "Mocic, Ivano"]
[Black "Brzezina, Piotr"]
[Result "1-0"]
[WhiteElo "1559"]
[BlackElo "1855"]
[PlyCount "101"]
[EventDate "2023.06.06"]
[EventType "swiss (rapid)"]
[EventRounds "11"]
[EventCountry "GEO"]
[SourceTitle "EXT 2024"]
[Source "ChessBase"]
[SourceDate "2023.10.10"]
[SourceVersion "1"]
[SourceVersionDate "2023.10.10"]
[SourceQuality "1"]
[WhiteTeam "Croatia"]
[BlackTeam "Poland"]
[WhiteTeamCountry "CRO"]
[BlackTeamCountry "POL"]

1. d4 Nf6 2. Nf3 e6 3. c4 b6 4. Bf4 Bb4+ 5. Nbd2 Bb7 6. e3 0-0 7. h3 Ne4 8. a3 Nxd2 9. Nxd2 Be7 10. Nf3 d6 11. Bd3 f5 12. h4 c5 13. b4 cxd4 14. exd4 Bf6 15. Bg5 Nd7 16. Be2 Rc8 17. Bxf6 Qxf6 18. Rc1 Rfe8 19. g3 e5 20. 0-0 e4 21. Ng5 f4 22. Bg4 Rcd8 23. Kh2 h6 24. Nh3 Nf8 25. Nxf4 g5 26. Ng2 Ng6 27. h5 Nf8 28. Ne3 Qe7 29. Nf5 Qf6 30. Ne3 Qe7 31. d5 Bc8 32. Qd4 Nh7 33. Bxc8 Rxc8 34. Nf5 Qf8 35. g4 Nf6 36. f3 exf3 37. Rxf3 Re2+ 38. Kh3 Re4 39. Nxh6+ Qxh6 40. Qxf6 Qxf6 41. Rxf6 Rce8 42. c5 Re2 43. Rcf1 Rd2 44. Rg6+ Kh8 45. Rh6+ Kg7 46. Rg6+ Kh7 47. Rgf6 Ree2 48. Rf7+ Kg8 49. Rf8+ Kg7 50. R1f7+ Kh6 51. Rh8# 1-0

[Event "Wch U12 rapid"]
[Site "Batumi"]
[Date "2023.06.06"]
[Round "3"]
[White "Brzezina, Piotr"]
[Black "Dadasyan, Tigran"]
[Result "1-0"]
[WhiteElo "1855"]
[BlackElo "1356"]
[PlyCount "79"]
[EventDate "2023.06.06"]
[EventType "swiss (rapid)"]
[EventRounds "11"]
[EventCountry "GEO"]
[SourceTitle "EXT 2024"]
[Source "ChessBase"]
[SourceDate "2023.10.10"]
[SourceVersion "1"]
[SourceVersionDate "2023.10.10"]
[SourceQuality "1"]
[WhiteTeam "Poland"]
[BlackTeam "Armenia"]
[WhiteTeamCountry "POL"]
[BlackTeamCountry "ARM"]

1. d4 Nf6 2. c4 g6 3. g3 Bg7 4. Bg2 0-0 5. Nc3 d6 6. Nf3 c6 7. 0-0 Qb6 8. e4 Bg4 9. Rb1 Na6 10. Be3 Qa5 11. h3 Bxf3 12. Bxf3 e5 13. d5 cxd5 14. cxd5 Qc7 15. Nb5 Qd7 16. Qe2 Nc7 17. Nxc7 Qxc7 18. Rfc1 Qd7 19. Kh2 Rfc8 20. b3 b6 21. Qa6 Ne8 22. Be2 Qd8 23. Bg4 Rxc1 24. Rxc1 Nc7 25. Qb7 Nb5 26. Bc8 Qf6 27. Qxa8 Nd4 28. Bg4+ Bf8 29. Bh6 Qxf2+ 30. Kh1 Ne6 31. dxe6 fxe6 32. Qxf8+ Qxf8 33. Bxe6+ Kh8 34. Bxf8 h5 35. Rc7 g5 36. Bg7+ Kh7 37. Bf5+ Kg8 38. Bg6 h4 39. Bf6 hxg3 40. Rc8# 1-0

[Event "EU-ch Blitz"]
[Site "Katowice"]
[Date "2022.12.16"]
[Round "1"]
[White "Brzezina, Piotr"]
[Black "Kosakowski, Jakub"]
[Result "0-1"]
[WhiteElo "1868"]
[BlackElo "2475"]
[PlyCount "56"]
[EventDate "2022.12.16"]
[EventType "swiss (blitz)"]
[EventRounds "22"]
[EventCountry "POL"]
[SourceTitle "CBM 211 Extra"]
[Source "ChessBase"]
[SourceDate "2023.01.31"]
[SourceVersion "1"]
[SourceVersionDate "2023.01.31"]
[SourceQuality "1"]

1. d4 Nf6 2. c4 e6 3. Nc3 Bb4 4. f3 d5 5. a3 Be7 6. e4 dxc4 7. Bxc4 c5 8. d5 exd5 9. exd5 0-0 10. Nge2 a6 11. a4 Bd6 12. 0-0 Qc7 13. g3 Bh3 14. Re1 Nbd7 15. Nf4 Bf5 16. Be3 Rfe8 17. Bd3 Bxd3 18. Qxd3 c4 19. Qf1 Ne5 20. Bd2 Qb6+ 21. Be3 Qxb2 22. Bd4 Qc2 23. Rec1 Qf5 24. Bxe5 Bxe5 25. Qxc4 Rac8 26. Qb3 Bxf4 27. gxf4 Qxf4 28. Rf1 Qd4+ 0-1

[Event "EU-ch U12 30th"]
[Site "Antalya"]
[Date "2022.11.07"]
[Round "2"]
[White "Brzezina, Piotr"]
[Black "Alizada, Pasham"]
[Result "1/2-1/2"]
[WhiteElo "1942"]
[BlackElo "1756"]
[PlyCount "61"]
[EventDate "2022.11.06"]
[EventType "swiss"]
[EventRounds "9"]
[EventCountry "TUR"]
[SourceTitle "EXT 2024"]
[Source "ChessBase"]
[SourceDate "2023.10.10"]
[SourceVersion "1"]
[SourceVersionDate "2023.10.10"]
[SourceQuality "1"]

1. d4 Nf6 2. c4 g6 3. Nc3 d5 4. Bf4 Bg7 5. e3 0-0 6. Rc1 c5 7. dxc5 Qa5 8. cxd5 Ne4 9. Nge2 e5 10. Bg3 Nxc5 11. a3 Qa6 12. Ng1 Qb6 13. b4 Ncd7 14. Nb5 a5 15. Bc4 Na6 16. Qd2 axb4 17. axb4 Nc7 18. Nxc7 Qxc7 19. Nf3 Qd6 20. 0-0 Ra4 21. Bb5 Ra8 22. Rfd1 Nb6 23. Qc3 Bg4 24. Qc5 Qd8 25. Bh4 g5 26. Bxg5 f6 27. Bh4 Rc8 28. Bc6 bxc6 29. dxc6 Qc7 30. Bg3 f5 31. Nxe5 1/2-1/2